Meteorology
Сохранить в:
| Главный автор: | |
|---|---|
| Формат: | |
| Язык: | Undetermined |
| Опубликовано: |
Boston
McGraw- Hill
2003
|
| Метки: |
Добавить метку
Нет меток, Требуется 1-ая метка записи!
|
| Thư viện lưu trữ: | Trung tâm Học liệu Trường Đại học Cần Thơ |
|---|
| LEADER | 00386nam a2200157Ia 4500 | ||
|---|---|---|---|
| 001 | CTU_66465 | ||
| 008 | 210402s9999 xx 000 0 und d | ||
| 020 | |b 1238000 | ||
| 082 | |a 551.5 | ||
| 082 | |b D186 | ||
| 100 | |a Eric W. Danielson | ||
| 245 | 0 | |a Meteorology | |
| 260 | |a Boston | ||
| 260 | |b McGraw- Hill | ||
| 260 | |c 2003 | ||
| 980 | |a Trung tâm Học liệu Trường Đại học Cần Thơ | ||